Los buscadores de prestigio. /

Guardado en:
Autor Principal: Packard, Vance
Formato: Libro
Publicado: Buenos Aires : Eudeba, 1967
Edición:5a. ed.
Materias:
Etiquetas: Agregar Etiqueta
Sin Etiquetas, Sea el primero en etiquetar este registro!
LEADER 00507nam a22001935a 4500
001 CEM.cems004834
005 20060217000000.0
008 130507s1967##################000#0#####d
003 CEMS
082 0 4 |a 301.155 
100 1 |a Packard, Vance 
245 1 0 |a Los buscadores de prestigio. / 
250 |a 5a. ed. 
260 |a Buenos Aires :  |b Eudeba,  |c 1967 
300 |a 390 p. 
653 |a Clases sociales 
653 |a Estatus 
653 |a Sociologia 
859 |a CEMS  |b BIB. CEMS - 11 de abril  |h 301.155  |i P125a5  |p 592.73  |t Ej.1